Severe communication disorders : (Record no. 6730)

MARC details
000 -LEADER
fixed length control field 00818nam a22002412 4500
001 - CONTROL NUMBER
control field 0000004929
005 - DATE AND TIME OF LATEST TRANSACTION
control field 20151217151946.0
008 - FIXED-LENGTH DATA ELEMENTS--GENERAL INFORMATION
fixed length control field 070604s xx 000 0 eng d
020 ## - INTERNATIONAL STANDARD BOOK NUMBER
Terms of availability KES 300 (donation)
040 ## - CATALOGING SOURCE
Original cataloging agency KABU
Transcribing agency KABU
050 #0 - LIBRARY OF CONGRESS CALL NUMBER
Classification number RC423
Item number .S47 1994
245 10 - TITLE STATEMENT
Title Severe communication disorders :
Remainder of title intervention strategies /
Statement of responsibility, etc. edited by Katharine G. Butler.
260 ## - PUBLICATION, DISTRIBUTION, ETC. (IMPRINT)
Place of publication, distribution, etc. Maryland :
Name of publisher, distributor, etc. Aspen,
Date of publication, distribution, etc. 1994.
300 ## - PHYSICAL DESCRIPTION
Extent ix, 224 p.
650 #0 - SUBJECT ADDED ENTRY--TOPICAL TERM
Topical term or geographic name as entry element Speech theraphy.
-- 0000155895
700 1# - ADDED ENTRY--PERSONAL NAME
Personal name Butler, Katharine G.
-- 0000155896
908 ## - PUT COMMAND PARAMETER (RLIN)
Put command parameter 070604
950 ## - LOCAL HOLDINGS (RLIN)
-- 1
Holdings
Withdrawn status Lost status Source of classification or shelving scheme Not for loan Home library Current library Date acquired Total Checkouts Full call number Barcode Date last seen Date last checked out Price effective from Koha item type
    Library of Congress Classification   Kabarak, Main Campus Kabarak, Main Campus 17/12/2015 1 RC423 .S47 1994 006644 10/12/2019 27/11/2019 17/12/2015 General Collection
    Library of Congress Classification   Kabarak, Main Campus Kabarak, Main Campus 17/12/2015   RC423 .S47 1994 006645 17/12/2015   17/12/2015 General Collection
    Library of Congress Classification   Kabarak, Main Campus Kabarak, Main Campus 17/12/2015   RC423 .S47 1994 006646 17/12/2015   17/12/2015 General Collection
    Library of Congress Classification   Kabarak, Main Campus Kabarak, Main Campus 17/12/2015   RC423 .S47 1994 006647 17/12/2015   17/12/2015 General Collection
Designed with assistance from East African Informatics Ltd